Rentabilita a chozrasčot v zdokonalenej sústave plánovitého riadenia národného hospodárstva habilitačná práca

Na minha lista:
Detalhes bibliográficos
Autor principal: Harna, Štefan
Autor Corporativo: Vysoká škola ekonomická v Bratislave
Formato: Livro
Idioma:eslovaco
Publicado em: Bratislava 1980
Assuntos:
Tags: Adicionar Tag
Sem tags, seja o primeiro a adicionar uma tag!

MARC

LEADER 00000nam a2200000 4500
001 c110799
005 20250908112305.5
041 0 |a slo 
044 |a SK 
245 1 0 |a Rentabilita a chozrasčot v zdokonalenej sústave plánovitého riadenia národného hospodárstva  |b habilitačná práca  |c Štefan Harna 
264 1 |a Bratislava  |c 1980 
300 |a 170 s. 
610 2 0 |a plánovanie 
610 2 0 |a plánovanie hospodárske 
610 2 0 |a riadenie hospodárske 
610 2 0 |a rentabilita 
610 2 0 |a hospodárenie finančné 
610 2 0 |a vzťahy tovarovo-peňažné 
610 2 0 |a obchod vnútorný 
610 2 0 |a reprodukcia prostriedkov základných 
610 2 0 |a kontrola 
100 1 |a Harna, Štefan 
710 2 |a Vysoká škola ekonomická v Bratislave